000 00549nam a22001937a 4500
999 _c4403
_d4403
003 OSt
005 20221118182825.0
008 221118b ||||| |||| 00| 0 eng d
020 _a9781107675919
040 _cKABLIB
_dKABLIB
100 _aTurner, J.W.Cecil
_911554
245 _aKenny's Outlines of criminal Law /
_cJ.W. Cecil Turner.
250 _a18th.
260 _aNew York :
_bCambridge University press,
_cc1962
300 _alxii, 658 p. :
_c25 cm.
504 _aIncludes: Index (p.643-658 )
650 _aLaw
_911555
942 _2ddc
_cBOOK